On the art of the theatre / (Record no. 49860)

MARC details
000 -LEADER
campo de control de longitud fija 00441nam a2200157 i 4500
001 - NÚMERO DE CONTROL
campo de control 49860
003 - IDENTIFICADOR DE NÚMERO DE CONTROL
campo de control ES-MaACL
007 - CAMPO FIJO DE DESCRIPCIÓN FÍSICA--INFORMACIÓN GENERAL
campo de control de longitud fija t|
008 - DATOS DE LONGITUD FIJA--INFORMACIÓN GENERAL
campo de control de longitud fija 030724s1914 xxk ||||1| eng d
100 1# - ENTRADA PRINCIPAL--NOMBRE DE PERSONA
Nombre de persona Craig, Edward Gordon.
9 (RLIN) 41426
245 10 - MENCIÓN DEL TÍTULO
Título On the art of the theatre /
Mención de responsabilidad, etc. Edward Gordon Craig.
250 ## - MENCION DE EDICION
Mención de edición [4th ed.].
260 ## - PUBLICACIÓN, DISTRIBUCIÓN, ETC.
Lugar de publicación, distribución, etc. London :
Nombre del editor, distribuidor, etc. [Richard Clay and Sons],
Fecha de publicación, distribución, etc. 1914.
300 ## - DESCRIPCIÓN FÍSICA
Extensión XX, 296 p., 16 grab. ;
Dimensiones 22 cm.
852 ## - LOCALIZACIÓN
Ubicación ES-MaACL
Número de control de estantería C-716
Holdings
Estatus retirado Estado de pérdida Estado de daño No para préstamo Biblioteca de origen Biblioteca actual Ubicación en estantería Fecha de adquisición Fuente de adquisición Total de préstamos Signatura topográfica completa Código de barras Visto por última vez Precio de reemplazo Tipo de ítem Koha
        Biblioteca del Ateneo de Madrid Biblioteca del Ateneo de Madrid Sala Palomar 17/01/2008     C-716 1052456 23/02/2023 23/02/2023 Libro impreso